[Event "FIDE World Cup"]
[Site "Khanty-Mansiysk"]
[Date "2005.12.01"]
[Round "2.2"]
[White "Amonatov, Farrukh"]
[Black "Carlsen, Magnus"]
[Result "1/2-1/2"]
[WhiteElo "2572"]
[BlackElo "2570"]
[Annotator "Lukacs,P"]
[PlyCount "47"]
[EventDate "2005.11.27"]
[EventType "k.o."]
[EventRounds "7"]
[EventCountry "RUS"]
[SourceTitle "CBM 111"]
[Source "ChessBase"]
[SourceDate "2006.04.04"]
[SourceVersion "1"]
[SourceVersionDate "2006.04.04"]
[SourceQuality "1"]

1. e4 c6 2. d4 d5 3. e5 Bf5 4. Nc3 e6 5. g4 Bg6 6. Nge2 c5 7. Be3 cxd4 (7...
Nc6 {- Zambrana-Leitao, Santiago 2004 CBM 100}) 8. Nxd4 Bb4 (8... h5 $6 {
Black has completely forgotten about the importance of development.} 9. f4 $1 {
/\ f5} hxg4 (9... Ne7 10. f5 $1 exf5 11. Ndb5 $1 {and Black is on the verge of
collapse.} Nec6 12. Nxd5 Na6 13. Qd2 fxg4 14. O-O-O Qc8 15. Nd6+ Bxd6 16. exd6
O-O 17. d7 $16 {Cu.Hansen-K.Berg, Esbjerg 1981}) 10. f5 $1 {This is the
beginning of the breakthrough in the [+].} exf5 11. Bb5+ Nd7 12. e6 $1 fxe6 13.
Nxe6 Qh4+ 14. Bf2 Qe7 15. O-O Ngf6 16. Nxd5 Nxd5 17. Qxd5 Qd6 18. Qg2 $16 {
Hetey-Aarland, Aarhus 1993}) (8... Nd7 $6 9. f4 $14) (8... Ne7 9. f4 a6 10. f5
$5 {is crucial here, for example:} (10. Bh3 {/\ f5} Nec6 {/\ Qh4} 11. O-O Nxd4
12. Bxd4 Nc6 (12... h5 $6 {is again met by the devastating} 13. f5 $1 hxg4 14.
fxg6 gxh3 15. Ne4 Qh4 16. Qf3 $18 {A.David-Piankov, France 1997}) 13. f5 (13.
Bf2 h5 14. f5 Bh7 $13) 13... exf5 14. gxf5 Qg5+ 15. Kh1 Bh5 16. Qd3 Nb4 $1 $13)
10... exf5 11. Qe2 $5 Nbc6 (11... fxg4 12. O-O-O $19) 12. O-O-O Nxd4 (12...
fxg4 13. Bg2 $44) 13. Rxd4 fxg4 14. Bg2 Rc8 15. Rhd1 Qc7 16. R1d2 Bf5 17. Bxd5
Nc6 18. Rf4 Qxe5 {(Ziatdinov-Savon, Tashkent 1985)} (18... g6 19. Ne4 $16) 19.
Bb6 $1 $16) (8... Nc6 9. f4 (9. Bb5 Nge7 10. f4 a6 11. Ba4 Qc7 12. O-O O-O-O
13. Bxc6 Nxc6 14. Nxc6 Qxc6 15. Qd4 Be7 16. Ne2 (16. f5 $6 {is premature
because of} exf5 17. gxf5 Bxf5 18. Rxf5 Qg6+ 19. Rg5 Bxg5 20. Qg4+ Kb8 21. Qxg5
d4 $17) (16. Rad1 $5) 16... h5 17. f5 (17. g5 {gives up all the light squares.}
h4) 17... exf5 18. gxf5 Bxf5 $1 19. Rxf5 Qg6+ 20. Ng3 h4 21. Rf3 {1/2:1/2 Van
der Wiel-Scheeren, Amsterdam Drachten 1982}) 9... Bb4 (9... Nxd4 10. Bxd4 Ne7
11. Bb5+ Nc6 12. O-O {(Wittmann-A.Ward, Oxford 1998)} Bb4 $5 13. a3 Ba5 $13)
10. a3 Bxc3+ 11. bxc3 Be4 12. Rg1 Nge7 13. Bd3 O-O 14. Bxe4 dxe4 15. Nxc6 Nxc6
16. Qxd8 Rfxd8 {White's P structure is not very impressive in the _|_.} 17. Ke2
Ne7 18. Bd4 Nd5 19. f5 Rac8 $11 {Herbrechtsmeier-Chandler, GER-chT 1982}) 9.
Qd2 (9. Bb5+ Nd7 10. f4 Qh4+ (10... Rc8 11. O-O $1 {White can bravely
sacrifice the P.} Bxc3 12. bxc3 Be4 (12... Rxc3 13. Qd2 $16) (12... a6 13.
Bxd7+ Qxd7 14. f5 $16) 13. f5 $40) (10... Be4 11. O-O Bxc3 12. bxc3 a6 (12...
Ne7 13. f5 O-O 14. f6 {This -> looks rather dangerous for Black.} Ng6 15. fxg7
Kxg7 16. Bxd7 Qxd7 17. Bg5 $36 {Shabalov-Macieja, playchess.com 2004}) 13. Bd3
{(Serra Pages-Quintas Galeano, ESP 1999)} (13. Bxd7+ Qxd7 14. f5 Ne7) 13... Rc8
$132) 11. Bf2 Qh3 12. Bg3 Nh6 $132) (9. h4 h5 10. a3 Bxc3+ 11. bxc3 a6 12. Rb1
Qc7 13. c4 Ne7 $15 {and White's P structure is in ruins, Paragua-Liang Chong,
Tagaytay City 2004.}) (9. f4 Ne7 10. Bg2 h5 11. f5 exf5 12. gxf5 Bxf5 13. O-O
Bg4 14. Qd3 Nbc6 {1/2-1/2 Conquest-Magem Badals, Pamplona 2004}) 9... Nd7 (9...
Ne7 10. a3 Ba5 11. Ndb5 (11. f4 O-O (11... Be4 12. Rg1 O-O) 12. Bg2 Nbc6 13.
O-O Nxd4 14. Bxd4 Nc6 $15 {and White had no time for f4-f5.}) 11... O-O 12. Bg2
Nbc6 13. f4 {(Van der Weide-Yevseev, Cappelle la Grande 2006)} f6 $132) 10. a3
(10. Bb5 {is less logical than before.} Rc8 11. O-O h5 $1 $15) (10. f4 $5 {
is the other critical continuation.} Nh6 $5 (10... Qh4+ 11. Bf2 Qxg4 12. Rg1
Qh5 {Black has won the g P but lost a couple of tempi.} 13. a3 $44) (10... Be4
11. Rg1 a6 (11... Rc8 12. Ndb5 a6 {(Aswin-Wojtaszek, Kochin 2004)} 13. Nd6+
Bxd6 14. exd6 Qh4+ 15. Bf2 Qxh2 16. Nxe4 dxe4 17. O-O-O $16) 12. a3 Bxc3 13.
Qxc3 Qh4+ 14. Rg3 $14) (10... Nc5 11. Bb5+ Kf8 12. O-O $16) 11. h3 Be4 12. Rg1
O-O $13) 10... Qa5 $5 {[#]} (10... Bxc3 11. Qxc3 Rc8 12. Qb4 Nxe5 13. Qxb7 (13.
Nb5 $6 {is strongly met by} a5 $1 $17 (13... Rxc2 {is not so impressive:} 14.
Nd6+ Kd7 15. Nxb7 Nf3+ 16. Kd1)) 13... Nf6 14. Bf4 (14. Bb5+ Kf8 $13) 14...
Nfd7 (14... Be4 15. Bxe5 Bxh1 16. Bb5+ $16) 15. Bxe5 Nxe5 16. Bb5+ Kf8 $13) (
10... Ba5 $5 $13) 11. Rb1 $6 {doesn't seem to be a successful improvement.} (
11. Bb5 $142 Bxc3 12. bxc3 $1 (12. Bxd7+ $6 {solving the pin deliberately
cannot be good.} Kxd7 13. bxc3 Rc8 14. O-O (14. Rb1 b6 15. Rb3 h5 16. g5 Ne7
$15) 14... Qxc3 $17 {and Black has a healthy extra P, while his K in the [+]
cannot be attacked, Shirov-Grischuk, Dubai 2002 CBM 089.}) 12... Rc8 13. Rb1
Rc7 (13... b6 14. Rb4 $1) 14. Rb4 $1 (14. c4 Qxd2+ 15. Bxd2 dxc4 16. Bb4 Be4
17. O-O $13) 14... Qxa3 15. Ra4 {^^} Qxc3 16. Rxa7 Qxd2+ 17. Bxd2 Ne7 $14) (11.
f4 $5 Be4 12. Rg1 Ne7 (12... Bxc3 13. bxc3) 13. Ndb5 O-O 14. Nd6 $13) 11...
Bxc3 12. bxc3 a6 $15 {Black is not afraid of Rxb7.} 13. Rxb7 (13. f4 Be4 14.
Rg1 Qc7 15. Bd3 Ne7 16. Ne2 Bxd3 17. cxd3 h5 18. h3 hxg4 19. hxg4 g5 $5 $15 {
completely ruining White's P structure.} (19... Rh2 20. Bf2 O-O-O 21. Bg3 Rhh8
{1/2-1/2 Van Oosterom-Delemarre, Boeblingen 2004})) 13... Qxa3 14. c4 (14. Rxd7
Kxd7 15. c4 $44 Rb8 16. cxd5 Rb1+ 17. Ke2 {Both kings look rather odd.} exd5
18. Bg2 Rxh1 19. Bxh1 Ne7 20. f4 h5 $1) 14... Nxe5 15. f3 Nf6 16. g5 Nfd7 17.
cxd5 O-O {Now the black K is in safety, which cannot be said about his
colleague.} 18. dxe6 fxe6 19. Be2 Qa1+ 20. Qc1 Qa5+ 21. Qd2 Qa1+ {Black is
happa to take the draw by perpetual.} ({Continuing the fight by} 21... Qd5 $17
{was not against all odds.}) 22. Qc1 Qa5+ 23. Qd2 Qa1+ 24. Qc1 1/2-1/2

[Event "FIDE World Cup"]
[Site "Khanty-Mansiysk"]
[Date "2005.12.04"]
[Round "3.2"]
[White "Carlsen, Magnus"]
[Black "Cheparinov, Ivan"]
[Result "0-1"]
[WhiteElo "2570"]
[BlackElo "2618"]
[Annotator "Postny,E"]
[PlyCount "82"]
[EventDate "2005.11.27"]
[EventType "k.o."]
[EventRounds "7"]
[EventCountry "RUS"]
[SourceTitle "CBM 111"]
[Source "ChessBase"]
[SourceDate "2006.04.04"]
[SourceVersion "1"]
[SourceVersionDate "2006.04.04"]
[SourceQuality "1"]

1. d4 Nf6 2. Nf3 c5 3. d5 b5 {This is an aggressive and risky line. Black is
trying to grab space on the queenside from the very beginning at the price of
delaying the natural development.} ({The next day on tiebreak Cheparinov chose
more solid setup, but failed:} 3... d6 4. Nc3 g6 5. e4 Bg7 6. Be2 O-O 7. O-O
Na6 8. Nd2 Nc7 9. a4 b6 10. Nc4 Ba6 11. Bf4 Bxc4 12. Bxc4 a6 13. Qe2 Nd7 14.
Ra3 $14 {1-0 Carlsen,M (2570)-Cheparinov,I (2618)/Khanty Mansiysk 2005/CBM
111_01 (30)}) 4. Bg5 Ne4 5. Bh4 ({Not so promising for white:} 5. Qd3 $6 Nxg5
6. Nxg5 e6 7. Qd2 Be7 8. Nf3 exd5 9. Qxd5 Nc6 $132 {1/2-1/2 Ehlvest,J (2605)
-Van Wely,L (2680)/Liepaya 2004/CBM 103_01 [Postny,E] (27)}) ({Another
playable bishop's retreat I played by myself:} 5. Bf4 {1-0 Postny,E (2556)
-Abergel,T (2456)/Warsaw 2005/CBM 108_01 (23)}) 5... Bb7 {This variation was
played several times by Topalov few years ago. Obviously, Cheparinov was
familiar with those games.} 6. e3 ({Very sharp and double-edged is:} 6. Qd3 f5
7. Nbd2 c4 8. Qd4 Na6 9. c3 Nxd2 10. Qxd2 Qb6 11. O-O-O g6 12. Qd4 Rg8 13. e4
Bg7 14. Qxb6 axb6 15. exf5 gxf5 16. Re1 Nc5 17. Rxe7+ Kf8 18. Nd4 Rxa2 $13 {
0-1 Kramnik,V (2758)-Topalov,V (2702)/Monte Carlo 2000/CBM 076 (33)}) 6... g6
7. c4 {After this move the position is becoming similar to a Benko gambit.} ({
More logical is} 7. c3 {building a barrier on the long diagonal against
black's dark-squared bishop. For instanse:} Qa5 8. Nbd2 Nxd2 9. Qxd2 Bg7 10. e4
d6 11. Bd3 Nd7 12. O-O a6 13. Rfc1 Rc8 14. h3 Qb6 15. Bf1 Nf6 16. Re1 O-O $11 {
1-0 Timman,J (2629)-Topalov,V (2718)/Wijk aan Zee 2001/CBM 081 [Tsesarsky] (38)
}) 7... Bg7 8. Nbd2 $146 (8. Qc2 Qa5+ 9. Nbd2 f5 10. Bd3 bxc4 11. Bxe4 fxe4 12.
Qxe4 e6 13. Qf4 Bxd5 14. O-O Nc6 15. Nxc4 Bxc4 16. Qxc4 O-O $15 {0-1 Nalivajko,
E (2400)-Zubarev,A (2460)/Simferopol 2003/CBM 097 ext (44)}) 8... Qa5 $4 {
[%mdl 8192] Looks normal, isn't it?} (8... Nxd2 9. Qxd2 bxc4 10. Bxc4 d6 {
is a normal continuation.}) 9. Bd3 $4 {It's rather weird that two young bright
tacticians missed the simple 9.b4 move.} (9. b4 $1 Qxb4 (9... cxb4 10. Nxe4 b3+
11. Ned2 bxa2 (11... Bxa1 12. Qxa1 O-O 13. Bxe7 $18) 12. Nd4 $18) 10. Rb1 Qc3
11. Rb3 $1 Nxd2 (11... Qa5 12. Rxb5 $18) 12. Rxc3 Nxf3+ 13. Qxf3 Bxc3+ 14. Kd1
$18) 9... Nxd2 10. Nxd2 bxc4 11. Bxc4 d6 12. O-O Nd7 {Black avoided an
immediate disaster, but still experiencing some problems due to his uncastled
king.} 13. Qe2 a6 $6 {Covering the b5 square, but wasting an important tempo.}
(13... Nf6 $2 14. Bb5+ $16) (13... Qd8 {looks safer.}) 14. e4 Qc7 15. Rab1 Nb6
{The Pe7 is now protected. Black is ready to castle.} 16. Bd3 $2 {Too passive.}
({Much more dynamic and troublesome for black would have been:} 16. b4 $1 cxb4
(16... Na4 17. Qe3 O-O 18. bxc5 Nxc5 19. Nb3 Nxb3 20. Rxb3 Qxc4 21. Rxb7 $16)
17. Rfc1 $16) 16... O-O {Now the position is approximately balanced.} 17. b3 e6
$1 {Opening up the centre is black's typical plan in this kind of pawn
structure.} 18. dxe6 fxe6 19. f4 Rae8 20. Rbe1 a5 21. Bg3 Bc6 22. Kh1 a4 23.
Nf3 {Magnus moves all his pieces towards the black king.} Qb7 $6 {A careless
move.} (23... Qe7 $142 {preparing to meet} 24. Ng5 {with} Bf6) 24. Ng5 Bf6 25.
Qg4 $1 Qe7 26. e5 ({Another promising continuation is:} 26. Nxh7 $1 Qxh7 27. e5
Bd8 (27... Bh8 28. Bxg6 Qg7 29. f5 exf5 30. Rxf5 Rxf5 31. Qxf5 Re7 32. Rf1 Nd7
33. exd6 Re2 34. Bf7+ $18) (27... Qh5 28. Qxh5 gxh5 29. exf6 axb3 30. axb3 Rxf6
31. Bh4 Rff8 32. Bg6 Ra8 33. Rxe6 Ra2 34. Rg1 $18) 28. Bxg6 Qg7 29. f5 $1 (29.
Qh5 Nd5 (29... dxe5 30. fxe5 Rxf1+ 31. Rxf1 Rf8 32. Bh7+ $1 $18) (29... d5 30.
f5 exf5 31. e6 d4 32. Be5 Bf6 33. Qxf5 Nd5 34. Rf3 $1 $40) 30. Bxe8 Bxe8 31.
Qh3 Rf5 32. exd6 Bd7 $13) 29... exf5 30. Rxf5 Bd7 31. e6 Rxf5 32. Qxf5 Bxe6 33.
Qb1 $1 (33. Rxe6 $4 Qa1+) (33. Bxd6 $2 Bh4 $1 34. g3 $140 $2 Qb7+ $19) 33...
axb3 34. axb3 Re7 35. Bxd6 Bd5 36. Bxe7 Bxe7 37. Be4 $16) 26... Bxg5 27. fxg5 (
27. Qxg5 $2 Qxg5 28. fxg5 Rxf1+ 29. Rxf1 d5) 27... Rxf1+ 28. Rxf1 Qb7 {[%csl
Rg2]} 29. Qe2 $2 {The turning point of the game.} (29. Rf6 $1 Bxg2+ 30. Kg1
axb3 31. axb3 (31. Rxe6 $2 Qc8 32. Rxe8+ Qxe8 33. Kxg2 bxa2 34. Bc4+ Kg7 35.
Bxa2 Qa8+ 36. Kh3 Qxa2 37. exd6 Qd5 $11) 31... Bh1 (31... Bd5 32. Bxg6 Ra8 33.
Qh4 $1 Ra1+ (33... Bh1 34. Bxh7+ Qxh7 35. Qxh7+ Kxh7 36. Kxh1 $18) 34. Be1 Bh1
(34... Qg7 35. Bf7+ Kh8 36. Bxe6 Rxe1+ (36... dxe5 37. Rf7 Rxe1+ 38. Kf2 Qg8
39. g6 Qxg6 40. Rf8+ Kg7 41. Rg8#) (36... Nd7 37. Bxd5 Rxe1+ 38. Qxe1 Nxf6 39.
exf6 Qxg5+ 40. Bg2 $18) 37. Qxe1 Qxg5+ 38. Qg3 Qxg3+ 39. hxg3 dxe5 40. Bf5 $18)
35. Bxh7+ Qxh7 36. Rf8+ Kxf8 37. Qxh7 Rxe1+ 38. Kf2 Rxe5 39. g6 $18) 32. Qh3
Be4 (32... Qd5 33. Bb5 Re7 34. exd6 $18) 33. Rxe6 Ra8 34. Rxd6 Bxd3 35. Qe6+
Qf7 36. Qxf7+ Kxf7 37. Rxd3 $16) (29. Kg1 axb3 30. axb3 Bxg2 31. Rf6 {leads to
the same position as after 29.Rf6, but in this case black does not have to
take on g2...}) 29... d5 30. h4 c4 $1 {Magnus missed his chance and after this
breakthrough black is clearly in possession of an initiative.} 31. bxc4 dxc4
32. Bc2 Nd5 33. Kh2 (33. h5 Ne3 $1 34. Rf2 (34. Qxe3 $2 Bxg2+ 35. Kg1 Bxf1 36.
Kxf1 Qh1+ 37. Ke2 Rf8 38. Be1 Qxh5+ 39. Kd2 Rf3 {and black is nearly winning.})
34... Nxc2 35. Qxc2 Rc8 $1 36. hxg6 c3 $1 $17 {[%csl Gc3]}) ({Deserved
attention} 33. Rf2) 33... c3 {[%cal Gc6b5,Gb5f1]} 34. Qf2 $6 {Another unsound
manouevre.} (34. Rb1 Qe7 35. Qc4 Rc8 $15) 34... Qe7 35. Qd4 $2 ({Necessary was
} 35. Rb1) 35... Rb8 36. Be4 $4 {Blundering a piece. On the other hand,
white's position is bad anyway.} (36. Rf2 Rb2 $19) {[%tqu "En","How can Black
win material?","","","b8b4","",5]} 36... Rb4 $19 37. Qd3 Bb5 {[%csl Rd3,Rf1]}
38. Qf3 Rxe4 39. Qxe4 Bxf1 40. Qxa4 Bd3 41. Qc6 Kf7 0-1

[Event "FIDE World Cup"]
[Site "Khanty-Mansiysk"]
[Date "2005.12.04"]
[Round "3.3"]
[White "Cheparinov, Ivan"]
[Black "Carlsen, Magnus"]
[Result "0-1"]
[WhiteElo "2618"]
[BlackElo "2570"]
[Annotator "Mueller,Karsten"]
[PlyCount "144"]
[EventDate "2005.11.27"]
[EventType "k.o."]
[EventRounds "7"]
[EventCountry "RUS"]
[SourceTitle "CBM 111"]
[Source "ChessBase"]
[SourceDate "2006.04.04"]
[SourceVersion "1"]
[SourceVersionDate "2006.04.04"]
[SourceQuality "1"]

1. d4 Nf6 2. c4 e6 3. Nf3 d5 4. Nc3 Bb4 5. Bg5 c5 6. cxd5 exd5 7. e3 O-O 8. Qc2
Be6 9. Bd3 h6 10. Bh4 c4 11. Be2 Nbd7 12. O-O Qa5 13. Nd2 Rfe8 14. f3 b5 15. e4
Bf5 16. a4 Bxc3 17. bxc3 b4 18. cxb4 Qxb4 19. Rab1 Qa3 20. Bxc4 Bg6 21. Bb3
Rac8 22. Qd3 Kh7 23. Rfe1 Re6 24. Qe3 Rec6 25. Ra1 Qb4 26. e5 Rc3 27. Qf2 Nh5
28. Bxd5 Rd3 29. Ne4 Nf4 30. Rab1 Qxa4 31. Ra1 Qxd4 32. Qxd4 Rxd4 33. Bb3 Nxe5
34. Bg3 Ned3 35. Bxf4 Nxf4 36. Rxa7 Bxe4 37. fxe4 f6 38. Ra2 Rc3 39. Bd5 Nxd5
40. exd5 Rxd5 41. Rae2 h5 42. g3 Kh6 43. Kg2 Rcd3 44. Rf2 R3d4 45. Re7 h4 46.
Re8 Kg6 47. Re3 hxg3 48. hxg3 Kg5 49. Re7 g6 50. Re6 f5 51. Re3 Kg4 52. Ra3 g5
53. Rb3 Re5 54. Ra3 Rde4 55. Rb3 $2 {[%mdl 4096] Die schwarzen Gewinnchancen
sind zwar höher als im einfachen Turmendspiel, aber} (55. Kh2 {hätte den Laden
noch zusammengehalten, z.B.} Re2 (55... Re8 56. Ra5 Rh8+ 57. Kg2 Rh3 58. Rfxf5
Rxg3+ 59. Kf2 Kh4 60. Rf3 $11) 56. Ra4+ R5e4 57. Rxe2 Rxa4 58. Rb2 Re4 59. Kg2
$11) 55... Re3 56. Rfb2 (56. Rb4+ R5e4 57. Rxe4+ fxe4 $19 {[%cal Ge3g3]}) 56...
Rxb3 57. Rxb3 Re2+ 58. Kg1 Ra2 59. Rc3 Kh3 60. Rf3 Ra5 61. Kf1 g4 62. Rb3 Ra2
63. Rb5 (63. Rc3 Rg2 64. Rc5 Rxg3 65. Rxf5 Kh2 66. Rf2+ Kh1 67. Rf4 Rg2 68. Re4
g3 69. Rg4 Rf2+ 70. Ke1 Kh2 $19) 63... Kxg3 64. Rxf5 Ra1+ 65. Ke2 Kg2 66. Rf2+
Kh3 67. Rf8 g3 68. Rh8+ Kg2 69. Re8 Kg1 70. Rg8 g2 71. Rg7 Ra8 72. Rh7 Re8+ (
72... Re8+ 73. Kd2 Re5 74. Rh8 Kf2 75. Rf8+ Kg3 76. Rg8+ Kf3 77. Rf8+ Kg4 78.
Rg8+ Rg5 $19) 0-1

[Event "FIDE World Cup"]
[Site "Khanty-Mansiysk"]
[Date "2005.12.07"]
[Round "4.2"]
[White "Carlsen, Magnus"]
[Black "Bareev, Evgeny"]
[Result "1/2-1/2"]
[WhiteElo "2570"]
[BlackElo "2675"]
[Annotator "Finkel,A"]
[PlyCount "69"]
[EventDate "2005.11.27"]
[EventType "k.o."]
[EventRounds "7"]
[EventCountry "RUS"]
[SourceTitle "CBM 111"]
[Source "ChessBase"]
[SourceDate "2006.04.04"]
[SourceVersion "1"]
[SourceVersionDate "2006.04.04"]
[SourceQuality "1"]

1. e4 e6 2. d4 d5 3. Nc3 Nf6 4. e5 Nfd7 5. f4 c5 6. Nf3 Nc6 7. Be3 a6 8. Qd2 b5
9. a3 Bb7 10. dxc5 {A quite rare move. In most of the cases White preferred to
keep the pressure with 10.Bd3 or 10.Be2.} Nxc5 (10... Bxc5) 11. Qf2 $1 {
Forcing Black to come to e4.} (11. Rd1 Qc7 12. Qf2 Nd7 13. Bd3 b4 14. axb4 Nxb4
15. O-O Bc5 16. Nd4 g6 17. Kh1 $14 {Guadalpi,D-Letreguilly,O/France 2001})
11... Ne4 12. Nxe4 dxe4 13. Nd2 Ne7 14. c4 $1 {I guess this move was prepared
in Carlsen's home lab. In my opinion it poses Black very serious problems so
may be it's safer to take with the bishop on c5 on move 10.} (14. O-O-O Qc8 15.
g4 Nd5 $1 (15... h5 $2 16. Bg2 hxg4 17. Nxe4 Nf5 18. Bb6 Bd5 19. Nd6+ Bxd6 20.
Bxd5 $18 {Plachetka,J-Schmidt,W/Trnava 1984}) 16. Nxe4 Nc3 17. Nxc3 Bxh1 $15 {
Hernandez Molina,D-Miranda Pantoja,A/corr 1995}) 14... bxc4 15. Nxc4 ({Another
interesting continuation is} 15. Bxc4 $5 Nf5 16. O-O Rc8 17. b4 $36 {, but
it's a pity to ''give up'' the darksquared bishop.}) 15... Nd5 16. Bc5 {
Intending to bring the knight to d6.} Rc8 17. Bxf8 Kxf8 18. Be2 ({It's too
early for} 18. Nd6 $2 e3 19. Qg3 Qa5+ 20. b4 Nxb4 $19) ({Serious attention
deserved} 18. Qa7 $5 Bc6 19. Nd6 Rc7 20. Qf2 e3 21. Qg3 $14 Rd7 $140 22. Be2
Qa5+ 23. b4 Nxb4 24. O-O $16 {[%csl Rf8][%cal Ga1b1]}) 18... e3 $8 (18... g6
19. O-O Kg7 20. Nd6 $18) 19. Nxe3 $6 {After the move in the game Black manages
to escape. More problems would pose the agressive} (19. Qg3 $5 Rxc4 $1 (19...
a5 $6 20. O-O (20. Nd6 $6 Rc2 21. Nxb7 Qc7 $132) 20... Ba6 21. Rac1 $16) 20.
Bxc4 Qa5+ 21. b4 Qc7 22. Rc1 (22. Bxd5) 22... Nb6 23. Qxe3 Nxc4 24. Qd4 Bd5 25.
f5 $1 $36 {and it's not so easy for Black to coordinate his pieces.}) 19...
Nxe3 20. Qxe3 Bxg2 21. Rg1 Bd5 $132 22. Kf2 a5 (22... Rc2 23. Rgc1 Rxb2 24.
Qc5+ Kg8 25. Qc8 Rb8 26. Qxd8+ Rxd8 27. Bxa6 $14) 23. Rac1 Rxc1 24. Rxc1 g6 25.
f5 {This move leads to a draw almost by force, but also after} (25. b4 axb4 26.
axb4 Kg7 27. b5 Qe7 $132 {Black shouldn't have any problems due to the exposed
position of the white king.}) 25... Qh4+ (25... exf5 $2 26. Qd4 Kg7 27. Rd1 $18
) (25... gxf5 $2 26. Qh6+ Ke7 27. Qf6+ Kd7 28. Bb5+ $18) 26. Qg3 Qxg3+ $11 27.
Kxg3 (27. hxg3 gxf5 28. Rc5 (28. Rc8+ Kg7 29. Rxh8 Kxh8 30. b4 axb4 31. axb4
Kg7 32. Ke3 f6 33. Bf3 Bc4 34. Kd4 Ba6 35. Bc6 fxe5+ 36. Kxe5 Kg6 $14) 28... a4
29. Bd1 Kg7 30. Bxa4 f6 31. Rc7+ Kg6 32. exf6 Kxf6 33. Bc6 Bxc6 34. Rxc6 h5 $11
) 27... gxf5 28. Rc8+ (28. Rc5 $6 Rg8+) 28... Kg7 29. Rxh8 Kxh8 30. b4 axb4 31.
axb4 Kg7 32. b5 (32. Bf3 $4 Bxf3 33. Kxf3 Kf8 34. b5 Ke8 $19) 32... Kf8 33. b6
Ke7 34. Kf4 h6 35. h4 1/2-1/2